| 000 | 01993nam a2200529 i 4500 | ||
|---|---|---|---|
| 001 | 25834 | ||
| 003 | KOSZ 005 | ||
| 005 | 20200724110403.0 | ||
| 008 | 200724s1973 pl ab f 001 0 pol | ||
| 015 | _aUWD 1973/8356 | ||
| 035 | _a991034261649705066 | ||
| 035 | _a(PL-WaBN)b19165493-48omnis_nlop | ||
| 035 | _ab19165493 | ||
| 035 | _a(OCoLC)749986632 | ||
| 035 | _a(PL)b0000001916549 | ||
| 035 | _a(EXLNZ-48OMNIS_NETWORK)9910218490205606 | ||
| 040 |
_aWA N _cWA N _dKOSZ 005/RW |
||
| 041 | 0 |
_apol _aeng _afre _ager _arus |
|
| 046 | _k1973 | ||
| 080 | _a91 | ||
| 080 | _a528.9 | ||
| 245 | 0 | 0 |
_aStudia z dziejów geografii i kartografii / _cpod redakcją Józefa Babicza ; Polska Akademia Nauk. Zakład Historii Nauki i Techniki. |
| 246 | 1 | 5 | _aÉtudes d'histoire de la géographie et de la cartographie |
| 260 |
_aWrocław : _bZakład Narodowy im. Ossolińskich. Wydawnictwo PAN, _c1973. |
||
| 300 |
_a550 stron, [2] karty tablic : _bilustracje, mapy, errata ; _c24 cm. |
||
| 336 |
_aTekst _btxt _2rdacontent |
||
| 337 |
_aBez urządzenia pośredniczącego _bn _2rdamedia |
||
| 338 |
_aWolumin _bnc _2rdacarrier |
||
| 380 | _aKsiążki | ||
| 380 | _aPublikacje naukowe | ||
| 388 | 1 | _a1901-2000 | |
| 388 | 1 | _a1945-1989 | |
| 490 | 1 |
_aMonografie z Dziejów Nauki i Techniki ; _vt. 87 |
|
| 504 | _aBibliografia przy pracach. Indeks. | ||
| 546 | _aTeksty w języku polskim, angielskim, francuskim, niemieckim i rosyjskim. | ||
| 650 | 7 |
_aGeografia _2DBN |
|
| 650 | 7 |
_aKartografia _2DBN |
|
| 655 | 7 | _aPraca zbiorowa | |
| 658 | _aHistoria | ||
| 658 | _aGeografia i nauki o Ziemi | ||
| 700 | 1 |
_aBabicz, Józef _d(1926-2005) _eRedakcja |
|
| 710 | 2 |
_aZakład Narodowy im. Ossolińskich _bWydawnictwo PAN _4pbl |
|
| 830 | 0 |
_aMonografie z Dziejów Nauki i Techniki _vt. 87 |
|
| 856 |
_uhttp://koha.tu.koszalin.pl/cgi-bin/koha/opac-detail.pl?biblionumber=25834 _yKatalog online BPK |
||
| 942 |
_2UKD _cKS |
||
| 999 |
_c25834 _d25834 |
||